Регионална библиотека "Любен Каравелов" - Русе

Немили-недраги (Запис номер 114439)

MARC детайли
000 -Лидер
Контролно поле с фиксирана дължина 01665nam a2200337 c 4500
003 - Код на организацията, давaща контролен номер
Контролно поле BLK
005 - Дата и час на последна редакция
Контролно поле 20230802005209.0
008 - Елементи от данни с фиксирана дължина
fixed length control field 180409b bul|||||r ||||||| ||bul||
010 ## - Наследен системен номер
LC control number KNG00119870000
040 ## - Източник на каталожния запис
Идентификатор на билиотеката - собственик на записа BLK
041 ## - Код за език
Код за езика на текст/звукозапис или на отделно заглавие Български
Код за езика КДБФ Български
080 ## - УДК
Текстов определител УДК Българска литература
УДК код - определител по УДК 821.163.2
УДК определител -32
УДК - код + определител 821.163.2-32
100 1# - Редна дума - Автор
Автор Вазов, Иван Минчов
Авторска отговорност първи автор
R(LIN) 363396
139 ## - Редно поле
Редна дума Вазов, Иван Минчов
Авторски знак Вазов, Ив. - В 15
245 10 - Сведения за заглавието
Заглавие Немили-недраги
Подзаглавни данни Повест
Редно поле (дума) Иван Минчов Вазов; предг. от Милена Георгиева Цанева.
250 ## - Област на изданието
Сведения за изданието 21. изд.
257 ## - Страна на издаване
Страна на създаване/издаване България
260 ## - Област на издателските данни
-- София
Име на издателя, разпространителя и проч. Бълг. писател
Година на издаване 1988
300 ## - Физическа характеристика
Страници 143 с.
Размери/Мащаб 20 см
380 ## - Жанр
Жанр Худож. лит.
490 1# - СЕРИИ (Колекции)
Име на серия Библиотека за ученика
500 ## - Общи забележки
Забележка 1. изд. 1961 г. ; В кн. означено 8. изд. - Съдържа и Животописни бележки ; За повестта Немили-недраги ; Лит.-ист. справка : "Немили-недраги" и "Хъшове" ; Из бълг. критика за "Немили-недраги" ; За въздействието на "Немили-недраги" и "Хъшове" ; Спомени ; Библиогр. справка.
653 ## - Ключова дума – ненормативна
Ключова дума повести
700 ## - Други автори (авторска отговорност)
Лично име Цанева, Милена Георгиева
9 (RLIN) 363501
852 ## - Местоположение
Форматна сигнатура Цб 154510
856 4# - Електронен адрес и достъп
Електронен формат pdf - файл
Път до файла /url/
856 4# - Електронен адрес и достъп
Електронен формат pdf - файл
Път до файла /url/
942 ## - АРТИКУЛИ
Вид на библиотечния материал Книги
Скрит в OPAC Не
Koha issues (borrowed), all copies 26
944 ## - СЪЗДАВАНЕ И РЕДАКЦИЯ на ЗАПИСА
Създаване/Редакция Създаване
Дата на регистрацията/редакция 15.10.2010
Статус, дата на статуса CRON CRON
Служител, извършил регистрацията/редакцията
944 ## - СЪЗДАВАНЕ И РЕДАКЦИЯ на ЗАПИСА
Създаване/Редакция Редакция
Дата на регистрацията/редакция 21.06.2016
Статус, дата на статуса ф / 14.10.2010
Служител, извършил регистрацията/редакцията Пенка_Димитрова
999 ## - СИСТЕМНИ КОНТРОЛНИ НОМЕРА
Koha biblionumber 114439
Koha biblioitemnumber 114439
Наличности
Код за отписване Код за изгубен артикул Източник на класификационната схема Код за повреда Коз за рестрикции Код за отдаване Артикулен № Име на библиотеката - собственик Име на библиотеката, в която се намира в момента Статус (Текущо местоположение) Дата на вписване в системата Местоположение - отдел Цена в лева Инвентарен номер Систематично азбучна сигнатура Баркод Номер на екземпляра Цена в евро Служебна бележка Служебен тип на артикула
  Не е изгубен Universal Decimal Classification Не е повреден без рестрикции ползва се в читалня 183143 Регионална библиотека "Любен Каравелов" Русе Регионална библиотека "Любен Каравелов" Русе Хранилище 1988-01-01 Хранилище 0.36 505952 Цб 154510 120000505952 1 0.18 Дост: Dp Вид: Д N: стар фонд Дата: 01.01.1988 Книги
Изтеглен Не е изгубен Universal Decimal Classification Не е повреден без рестрикции заемане за дома 183144 Регионална библиотека "Любен Каравелов" Русе Регионална библиотека "Любен Каравелов" Русе Заемна - подръчен фонд 1988-01-01 Заемна - подръчен фонд 3.96 506593 П 886.7-32/В 15 506593 2 2.02 Дост: Pk Вид: Ф N: стар фонд Дата: 01.01.1988 Книги
Изтеглен Не е изгубен Universal Decimal Classification Не е повреден без рестрикции заемане за дома 183145 Регионална библиотека "Любен Каравелов" Русе Регионална библиотека "Любен Каравелов" Русе Заемна - подръчен фонд 1988-01-01 Заемна - подръчен фонд 0.36 506594 П 886.7-32/В 15 506594 3 0.18 Дост: Pk Вид: Ф N: стар фонд Дата: 01.01.1988 Книги
Изтеглен Не е изгубен Universal Decimal Classification Не е повреден без рестрикции заемане за дома 183146 Регионална библиотека "Любен Каравелов" Русе Регионална библиотека "Любен Каравелов" Русе Количка 2010-10-06 Заемна - подръчен фонд 3.50 120000746356 П 886.7-32/В 15 120000746356 4 1.79 Дост: DA Вид: А N: 21 Дата: 06.10.2010 Книги
Изтеглен Не е изгубен Universal Decimal Classification Не е повреден без рестрикции заемане за дома 183147 Регионална библиотека "Любен Каравелов" Русе Регионална библиотека "Любен Каравелов" Русе Детски отдел 2015-12-10 Детски отдел 3.50 120000795576 ДХ 886.7/В 15 120000795576 5 1.79 Дост: DA Вид: Г N: 25 Дата: 10.12.2015 Книги
Изтеглен Не е изгубен   Не е повреден без рестрикции заемане за дома 183148 Регионална библиотека "Любен Каравелов" Русе Регионална библиотека "Любен Каравелов" Русе Заемна - подръчен фонд 2016-06-21 Заемна - подръчен фонд 3.50 120000801293 ДХ 886.7/В 15 120000801293 6 1.79 Дост: DA Вид: А N: 23 Дата: 21.06.2016 Книги
Vip Innovations Ltd, Rousse, Bulgaria 2025